Base Script Blood on the Clocktower - Statistics

General Stats
  • This quiz has been taken 5 times
  • The average score is 57 of 72
Answer Stats
Hint Answer % Correct
Sects And Violets Townsfolk Artist
100%
Bad Moon Rising Minion Assassin
100%
Trouble Brewing Minion Baron
100%
Trouble Brewing Outsider Butler
100%
Sects And Violets Minion Cerenovus
100%
Trouble Brewing Townsfolk Chef
100%
Trouble Brewing Outsider Drunk
100%
Trouble Brewing Townsfolk Empath
100%
Sects And Violets Minion Evil Twin
100%
Sects And Violets Demon Fang Gu
100%
Trouble Brewing Townsfolk Fortune Teller
100%
Bad Moon Rising Outsider Goon
100%
Bad Moon Rising Townsfolk Grandmother
100%
Trouble Brewing Demon Imp
100%
Trouble Brewing Townsfolk Investigator
100%
Trouble Brewing Townsfolk Librarian
100%
Bad Moon Rising Outsider Lunatic
100%
Trouble Brewing Townsfolk Mayor
100%
Trouble Brewing Townsfolk Monk
100%
Sects And Violets Minion Pit-Hag
100%
Bad Moon Rising Demon Po
100%
Trouble Brewing Minion Poisoner
100%
Trouble Brewing Townsfolk Ravenkeeper
100%
Trouble Brewing Outsider Recluse
100%
Trouble Brewing Outsider Saint
100%
Trouble Brewing Minion Scarlet Woman
100%
Bad Moon Rising Demon Shabaloth
100%
Trouble Brewing Townsfolk Slayer
100%
Sects And Violets Townsfolk Snake Charmer
100%
Trouble Brewing Minion Spy
100%
Trouble Brewing Townsfolk Undertaker
100%
Sects And Violets Demon Vigormortis
100%
Trouble Brewing Townsfolk Virgin
100%
Sects And Violets Demon Vortox
100%
Sects And Violets Minion Witch
100%
Bad Moon Rising Demon Zombuul
100%
Bad Moon Rising Minion Devil's Advocate
75%
Sects And Violets Townsfolk Flowergirl
75%
Bad Moon Rising Townsfolk Gambler
75%
Sects And Violets Townsfolk Juggler
75%
Sects And Violets Outsider Klutz
75%
Bad Moon Rising Minion Mastermind
75%
Bad Moon Rising Townsfolk Minstrel
75%
Sects And Violets Demon No Dashii
75%
Bad Moon Rising Demon Pukka
75%
Trouble Brewing Townsfolk Soldier
75%
Sects And Violets Outsider Sweetheart
75%
Bad Moon Rising Townsfolk Tea Lady
75%
Sects And Violets Townsfolk Town Crier
75%
Trouble Brewing Townsfolk Washerwoman
75%
Sects And Violets Outsider Barber
50%
Bad Moon Rising Townsfolk Chambermaid
50%
Sects And Violets Townsfolk Clockmaker
50%
Bad Moon Rising Townsfolk Courtier
50%
Sects And Violets Townsfolk Dreamer
50%
Bad Moon Rising Townsfolk Exorcist
50%
Bad Moon Rising Townsfolk Fool
50%
Bad Moon Rising Minion Godfather
50%
Bad Moon Rising Townsfolk Gossip
50%
Sects And Violets Townsfolk Mathematician
50%
Bad Moon Rising Outsider Moonchild
50%
Sects And Violets Outsider Mutant
50%
Sects And Violets Townsfolk Oracle
50%
Bad Moon Rising Townsfolk Pacifist
50%
Sects And Violets Townsfolk Philosopher
50%
Sects And Violets Townsfolk Sage
50%
Bad Moon Rising Townsfolk Sailor
50%
Sects And Violets Townsfolk Savant
50%
Sects And Violets Townsfolk Seamstress
50%
Bad Moon Rising Outsider Tinker
50%
Bad Moon Rising Townsfolk Innkeeper
25%
Bad Moon Rising Townsfolk Professor
25%
No matching quizzes found
Score Distribution
Percent of People with Each Score
Percentile by Number Answered
Your Score History
You have not taken this quiz